Heirs of the Reformation / (Record no. 16897)
[ view plain ]
| 000 -LEADER | |
|---|---|
| fixed length control field | 01075cam a2200265Ii 4500 |
| 001 - CONTROL NUMBER | |
| control field | 4593353 |
| 005 - DATE AND TIME OF LATEST TRANSACTION | |
| control field | 20040903221259.0 |
| 008 - FIXED-LENGTH DATA ELEMENTS--GENERAL INFORMATION | |
| fixed length control field | 790621s1963 enk 001 0 eng d |
| 035 ## - SYSTEM CONTROL NUMBER | |
| System control number | (OCoLC)ocm05090073 |
| 035 ## - SYSTEM CONTROL NUMBER | |
| System control number | (NNC)4593353 |
| 040 ## - CATALOGING SOURCE | |
| Original cataloging agency | TEJ |
| Transcribing agency | TEJ |
| Modifying agency | UKM |
| 050 ## - LIBRARY OF CONGRESS CALL NUMBER | |
| Classification number | BT28 |
| Item number | .S46 1963 |
| 100 1# - MAIN ENTRY--PERSONAL NAME | |
| Personal name | Senarclens, Jacques de, |
| Dates associated with a name | 1914- |
| 830 #0 - SERIES ADDED ENTRY--UNIFORM TITLE | |
| Uniform title | Library of history and doctrine. |
| 245 10 - TITLE STATEMENT | |
| Title | Heirs of the Reformation / |
| Statement of responsibility, etc | [by] Jacques de Senarclens ; translated and edited by G. W. Bromiley ; with a foreword by T. F. Torrance. |
| 260 ## - PUBLICATION, DISTRIBUTION, ETC. (IMPRINT) | |
| Place of publication, distribution, etc | London : |
| Name of publisher, distributor, etc | SCM, |
| Date of publication, distribution, etc | 1963. |
| 300 ## - PHYSICAL DESCRIPTION | |
| Extent | 343 p. ; |
| Dimensions | 22 cm. |
| 490 1# - SERIES STATEMENT | |
| Series statement | The Library of history and doctrine |
| 500 ## - GENERAL NOTE | |
| General note | "Translated by G. W. Bromiley from Héritiers de la Réformation (2 vols.), Labor et Fides, Geneva, 1959."--p. [4] |
| 504 ## - BIBLIOGRAPHY, ETC. NOTE | |
| Bibliography, etc | Bibliographical footnotes. |
| 650 #0 - SUBJECT ADDED ENTRY--TOPICAL TERM | |
| Topical term or geographic name as entry element | Theology, Doctrinal |
| General subdivision | History |
| Chronological subdivision | 20th century. |
| 942 ## - ADDED ENTRY ELEMENTS (KOHA) | |
| Source of classification or shelving scheme | Library of Congress Classification |
| Item type | Book |
| Withdrawn status | Lost status | Source of classification or shelving scheme | Damaged status | Not for loan | Collection code | Home library | Current library | Shelving location | Date acquired | Total Checkouts | Full call number | Barcode | Price effective from | Koha item type |
|---|---|---|---|---|---|---|---|---|---|---|---|---|---|---|
| Library of Congress Classification | Non-fiction | Bishop Okullu Memorial Library (Limuru Campus) | Bishop Okullu Memorial Library (Limuru Campus) | General Circulation | 03/04/2009 | BT28.S46 1963 | 004321 | 03/04/2009 | Book |